000 00888nam a22002777a 4500
003 CHAP
005 20220329134330.0
008 971013s1983 r 00010 d
010 _a18909
011 _a19881
035 _a23966
040 _cCHAP
090 _aFolleto 9145
100 0 0 _aAlvarez Almora, Enrique Gilberto.
_94863
245 _aUtilización de la médula de caña de azúcar en la alimentación del ganado
260 _aChapingo, Méx., :
_bUACH. Departamento de Zootecnia,
_c1983?
300 _a1 h
590 _aBATCH-UPD
_b10
_c20130110
_lUCH01
_h1216
590 _aBATCH-UPD
_b10
_c20130410
_lUCH01
_h0753
590 _aBATCH-UPD
_b10
_c20130914
_lUCH01
_h0838
590 _aCONVERSION
_b10
_c20130109
_lUCH01
_h1311
650 1 4 _aCaña de azúcar como forraje.
_918673
901 _aBK
942 _cFOLL
949 _aFolleto 9145
_bBC
_cFOLL
_d-55480
_eTS1
_i23966
_mD
_si
999 _c18909
_d18909